На веселім перехресті (Запис № 17568)

000 -Маркер запису
Контрольне поле сталої довжини 01347nam a22002537a 4500
003 - Належність контрольного номера
Контрольне поле Uzh_bibl
008 - Кодовані дані
Контрольне поле сталої довжини 260429b |||||||| |||| 00| 0 ukr d
020 ## - Індекс ISBN
Ціна 1.00
040 ## - Джерело каталогіз.
Служба первин.кат. укр.
041 ## - Код мови видання
Код мови оригіналу українська
Код мови тексту українська
080 ## - Індекс УДК
Індекс УДК 821(477)
090 ## - Шифри
Поличний індекс 821(477)
Авторський знак Н 12
100 ## - Автор
Автор .
245 ## - Назва
Назва На веселім перехресті
Відповідальність Упоряд. Ю.Т. Прокопенко
Фізичний носій Текст
260 ## - Вихідні дані
Місце видання Київ
Видавництво Молодь
Дата видання 1987
300 ## - Фізичний опис
Обсяг 256 с.
Тип одиниці В опр.
520 ## - Анотація
Анотація До збірки увійшли сатиричні та гумористичні твори українських авторів, а також шаржів й карикатури членів відомого київського клубу "Архігум".
521 ## - Примітка про цільове призначення
Примітка про цільове призначення Для широкого кола читачів
546 ## - Примітка про мову
Примітка про мову укр.
650 ## - Тематичні рубрики
Основна рубрика Літературно-художнє видання
Хронологічна підрубрика Друга половина ХХ століття (сучасність авторів)
Географічна підрубрика Україна, Київ
653 ## - Ключові слова
Ключові слова Гумор
-- Сатира
-- Суспільство
-- Іронія
-- Іронія
-- Карикатура
655 ## - Термін індексування — жанр/форма
Жанр/форма Антологія (гумор і сатира: оповідання, мініатюри, фейлетони, шаржі, карикатури)
Типове ділення Гумор та сатира
942 ## - ADDED ENTRY ELEMENTS (KOHA)
Джерело класифікації чи схема поличного розташування
Koha item type Книги
Фонди
Статус вилучення Статус втрати/відсутності Джерело класифікації чи схема поличного розташування Статус пошкодження Тип обігу (не для випозичання) Постійне розташування Поточне розташування Розташування у відділі Дата надходження Інвентарний номер Total Checkouts Повний (примірниковий) шифр зберігання Штрих-код Date last seen Дата, для якої чинна ціна заміни Тип одиниці (рівень примірника)
          Публічна бібліотека Публічна бібліотека Абонемент 29/04/2026 31625   821(477) 20333 29/04/2026 29/04/2026 Книги

Працює на АБІС Коха